000 00897cab a2200193 4500
001 ABS41396
008 090401t1989 xxu||||| |||| 00| 0 eng d
035 _a(Sirsi) u29888
041 _aeng
100 _aTyler, G.
245 _aRelocation: the search for pastures new
260 _c1989
350 _a0
490 _aProperty Director
_v(14) Autumn 1989, 40-56(10)
520 _aHighlights the findings of a survey by Price Waterhouse and the CBI Employee Relocation Council on the reasons behind a company`s decision to move. Reviews key factors to be considered once the decision to move has been taken, such as hidden costs and employee reluctance. Considers the effect of relocation on family life, describing two examples arising out of Argos Distribution`s decision to relocate from Edgware to Milton Keynes.
690 _aECONOMIC AND SOCIAL
942 _n0
948 _c04/03/1997
999 _c20107
_d20107